000 00982nam a2200265Ia 4500
003 OSt
005 20221005111230.0
006 a|||||r|||| 00| 0
007 ta
008 221004b |||||||| |||| 00| 0 hin d
020 _a8181434331 (hbk)
_c75
024 _a7402
037 _b94, 05/09/2013, Vani Prakashan
_cTextual
040 _aCRL
_cCRL
_bhin
041 _2hin
_ahin
082 _aO168,3N05:g, 152P6
100 _aसिद्दीकी, शकील
245 0 _aतरक्कीपसंद तहरीक और सज्जाद जहीर
246 _aTarakkīpasanda taharīk aur sajjād jahīra
260 _aनई दिल्ली
_bवाणी प्रकाशन भारत
_c2006
300 _a112पृ0
_ccm.
650 _aउर्दू साहित्य
942 _hO168,3N05:g, 152P6
_cTEXL
_2cc
999 _c1021211
_d1021211